| 000 | 00902nam a2200253 a 4500 | ||
|---|---|---|---|
| 001 | BRCA_4824 | ||
| 005 | 20190320204824.0 | ||
| 008 | 101208s1866----fr-a---###---#000-0#spa-u | ||
| 041 | _aspa | ||
| 044 | _afr | ||
| 050 | 4 |
_aF1230 _b.C37 2 _c1866 |
|
| 245 | 1 | 0 |
_aCartas y relaciones de Hernán Cortés al emperador Carlos V _ccorregidas e ilustradas por Don Pascual de Gayangos. |
| 260 |
_aParís _bA. Chaix _c1866 |
||
| 300 |
_ali, 575 p. _c27 cm. |
||
| 500 | _aIncluye índice de materias | ||
| 500 | _aEjemplar igual a B4 | ||
| 500 | _aD161 | ||
| 600 | 1 | 4 |
_aCortés, Hernando _d1485-1547 _xCorrespondencia, memorias, etc. _97968 |
| 600 | 1 | 4 |
_aCarlos V _cRey de España y Emperador de Alemania _d1500-1558 _xCorrespondencia, memorias, etc. _97969 |
| 650 | 1 | 4 |
_aMéxico _xHistoria _yConquista, 1519-1540 _9859 |
| 700 | 1 |
_aGayangos y Arce, Pascual de _d1809-1897 _97970 |
|
| 902 | _aGFM | ||
| 942 |
_2lcc _cB |
||
| 999 |
_c4520 _d4520 |
||